[Event "21st ch-EUR Indiv w 2021"]
[Site "Iasi ROU"]
[Date "2021.08.12"]
[Round "4.18"]
[White "Salimova, Nurgyul"]
[Black "Gevorgyan, Maria"]
[Result "0-1"]
[WhiteTitle "IM"]
[BlackTitle "WGM"]
[WhiteElo "2382"]
[BlackElo "2232"]
[WhiteFideId "2915138"]
[BlackFideId "13300270"]
[EventDate "2021.08.09"]

1. e4 c5 2. Nf3 Nc6 3. Bb5 g6 4. Bxc6 dxc6 5. d3 Bg7 6. h3 Nf6 7. Nc3 Nd7 8. Be3
e5 9. Qd2 h6 10. O-O b6 11. Nh2 Nf8 12. a4 a5 13. f4 exf4 14. Bxf4 Ne6 15. Be3
Nd4 16. Rae1 Be6 17. Nf3 Qd7 18. e5 Nf5 19. Bf2 O-O-O 20. Ne4 Qc7 21. b4 cxb4
22. c3 b3 23. g4 Ne7 24. c4 c5 25. Bg3 Nc6 26. Nd6+ Kb8 27. Rb1 h5 28. Qg2 hxg4
29. hxg4 Bxg4 30. Ng5 Bxe5 31. Nb5 Rxd3 32. Nxc7 Rxg3 33. Qxg3 Bxg3 34. Nb5 Be2
35. Rxf7 Bxc4 36. Rf3 Bd5 37. Rbxb3 Bxb3 38. Rxb3 Bf4 39. Ne4 Nb4 40. Rf3 g5 41.
Nf6 Kb7 42. Ne4 Kc6 43. Nec3 Rh7 44. Kg2 Nd5 45. Ne4 Rh2+ 46. Kf1 Ra2 47. Rh3
Rxa4 48. Na7+ Kb7 49. Rh7+ Nc7 0-1

[Event "21st ch-EUR Indiv w 2021"]
[Site "Iasi ROU"]
[Date "2021.08.12"]
[Round "4.19"]
[White "Balajayeva, Khanim"]
[Black "Urh, Zala"]
[Result "1/2-1/2"]
[WhiteTitle "WGM"]
[BlackTitle "WIM"]
[WhiteElo "2376"]
[BlackElo "2216"]
[WhiteFideId "13406396"]
[BlackFideId "14611481"]
[EventDate "2021.08.09"]

1. d4 Nf6 2. Bf4 d5 3. e3 e6 4. Nd2 Bd6 5. Bg3 c5 6. c3 O-O 7. Bd3 b6 8. Qe2 Bb7
9. Ngf3 Qe7 10. Rd1 Nc6 11. e4 dxe4 12. Nxe4 Nxe4 13. Bxe4 cxd4 14. Bxd6 Qxd6
15. Nxd4 Nxd4 16. Bxb7 Qe7 17. Rxd4 Qxb7 18. O-O Rad8 19. Rfd1 Qc7 20. Qd3 Rxd4
21. Qxd4 h6 22. a4 Rc8 23. Qd7 g6 24. h3 Kg7 25. Qd4+ e5 26. Qd7 Qb8 27. Rd6 Rc7
28. Qb5 Re7 29. Qd5 Qb7 30. Qd3 Qc7 31. b3 Qc5 32. b4 Qc8 33. c4 Rc7 34. Qd5 Qf5
35. Rd8 Qg5 36. g3 Qe7 37. Rd6 Rxc4 38. Rxg6+ Kxg6 39. Qxc4 e4 40. h4 Kh7 41.
Kf1 Kg6 42. Ke2 f5 43. Ke3 Qd7 44. b5 Kf6 45. Qc6+ Ke7 46. Qc3 Ke6 47. Qc4+ Kf6
48. Qc3+ Ke6 49. Qc4+ Kf6 50. Qc6+ Ke7 51. Kf4 Qd2+ 52. Kxf5 Qxf2+ 53. Kxe4 Qxg3
54. Qxh6 Qe1+ 55. Kd5 Qd1+ 56. Ke5 Qe2+ 57. Kf5 Qd3+ 58. Kg5 Qd5+ 59. Kg6 Qf7+
60. Kg5 Qd5+ 61. Kg4 Qg2+ 62. Kh5 Qf3+ 1/2-1/2

[Event "21st ch-EUR Indiv w 2021"]
[Site "Iasi ROU"]
[Date "2021.08.12"]
[Round "4.20"]
[White "Injac, Teodora"]
[Black "Semenova, Elena1"]
[Result "1/2-1/2"]
[WhiteTitle "WGM"]
[BlackTitle "WIM"]
[WhiteElo "2370"]
[BlackElo "2212"]
[WhiteFideId "932400"]
[BlackFideId "24125148"]
[EventDate "2021.08.09"]

1. Nf3 d5 2. d4 Nf6 3. c4 e6 4. g3 Be7 5. Bg2 O-O 6. O-O dxc4 7. Qc2 a6 8. a4
Bd7 9. Qxc4 Bc6 10. Bf4 Bd6 11. Qc1 Nbd7 12. Nc3 Qe7 13. a5 e5 14. dxe5 Nxe5 15.
Nxe5 Bxg2 16. Kxg2 Bxe5 17. Qe3 Rfe8 18. Bxe5 Qxe5 19. Qxe5 Rxe5 20. Rfd1 Kf8
21. Ra4 Ke8 22. e4 Rc5 23. Rdd4 Rd8 24. Rdc4 Nd7 25. e5 Rb8 26. Ne4 Rxc4 27.
Rxc4 Nxe5 28. Rxc7 Kd8 29. Rc5 f6 30. f4 Nc6 31. Kf2 1/2-1/2

[Event "21st ch-EUR Indiv w 2021"]
[Site "Iasi ROU"]
[Date "2021.08.12"]
[Round "4.21"]
[White "Ghukasyan, Siranush"]
[Black "Zimina, Olga"]
[Result "1/2-1/2"]
[WhiteTitle "WIM"]
[BlackTitle "IM"]
[WhiteElo "2194"]
[BlackElo "2345"]
[WhiteFideId "13300946"]
[BlackFideId "4132190"]
[EventDate "2021.08.09"]

1. e4 c6 2. d4 d5 3. Nc3 dxe4 4. Nxe4 Bf5 5. Ng3 Bg6 6. h4 h6 7. h5 Bh7 8. Nf3
Nd7 9. Bd3 Bxd3 10. Qxd3 e6 11. Bd2 Ngf6 12. O-O-O Qc7 13. Ne4 O-O-O 14. Nxf6
Nxf6 15. Qe2 Bd6 16. Kb1 Kb8 17. c4 c5 18. Bc3 Ka8 19. d5 Rhe8 20. Bxf6 gxf6 21.
Rhe1 a6 22. Qc2 f5 23. g3 Qe7 24. Ne5 Rg8 25. dxe6 fxe6 26. Ng6 Qg5 27. Rxe6
Qxh5 28. Rexd6 Rxd6 29. Rxd6 Rxg6 30. Qd1 Qxd1+ 31. Rxd1 f4 32. gxf4 Rf6 33. Rh1
Rxf4 34. Rxh6 Rxf2 1/2-1/2

[Event "21st ch-EUR Indiv w 2021"]
[Site "Iasi ROU"]
[Date "2021.08.12"]
[Round "4.22"]
[White "Chernyak, Viktoria"]
[Black "Rozman, Monika"]
[Result "0-1"]
[WhiteTitle "WGM"]
[BlackTitle "WFM"]
[WhiteElo "2319"]
[BlackElo "2122"]
[WhiteFideId "24165956"]
[BlackFideId "14609118"]
[EventDate "2021.08.09"]

1. Nf3 d5 2. d4 Nf6 3. g3 Bf5 4. Bg2 e6 5. O-O Be7 6. c4 c6 7. Nbd2 h6 8. b3 O-O
9. Bb2 a5 10. e3 a4 11. Ne5 Bb4 12. bxa4 Qa5 13. Nb3 Qxa4 14. Qe2 Nbd7 15. Rfc1
Rfd8 16. h3 Ne4 17. Nd3 Bd6 18. g4 dxc4 19. gxf5 cxd3 20. Qxd3 exf5 21. Bxe4
fxe4 22. Qxe4 Qb5 23. Qf3 Nb6 24. Bc3 Nd5 25. Bb2 Nb4 26. a4 Rxa4 27. Rxa4 Qxa4
28. e4 Qb5 29. Ra1 Nd3 30. Bc3 Qc4 31. Rd1 Nf4 32. Ba1 Qe6 33. h4 Ng6 34. d5
Nxh4 35. dxe6 Nxf3+ 36. Kg2 Nh4+ 37. Kh3 Ng6 38. Nc5 Be7 39. Rxd8+ Bxd8 40. Nxb7
Nf4+ 41. Kg4 Nxe6 42. f4 Be7 43. Na5 Nd8 44. Be5 g6 45. Bc7 h5+ 46. Kf3 c5 47.
Be5 f6 48. Bc3 Kf7 49. Nc4 Nc6 50. Kg3 g5 51. Bd2 Nd4 52. Kg2 Kg6 53. Be3 h4 54.
Kh3 Kh5 55. fxg5 fxg5 56. Ne5 Ne2 57. Bd2 Ng3 0-1

[Event "21st ch-EUR Indiv w 2021"]
[Site "Iasi ROU"]
[Date "2021.08.12"]
[Round "4.23"]
[White "Antova, Gabriela"]
[Black "Nilssen, Ellen Fredericia"]
[Result "1-0"]
[WhiteTitle "FM"]
[BlackTitle "WFM"]
[WhiteElo "2292"]
[BlackElo "2081"]
[WhiteFideId "2915235"]
[BlackFideId "1441230"]
[EventDate "2021.08.09"]

1. d4 Nf6 2. c4 g6 3. h4 Bg7 4. Nc3 Nc6 5. Nf3 d6 6. d5 Nb8 7. e4 Bg4 8. Be2
Nbd7 9. Be3 Bxf3 10. gxf3 c6 11. f4 Qa5 12. Kf1 h5 13. Rg1 Bh6 14. Qd2 Nc5 15.
e5 Ng4 16. Bxg4 hxg4 17. exd6 Nb3 18. axb3 Qxa1+ 19. Kg2 Qa5 20. dxe7 Kxe7 21.
dxc6 Kf8 22. Qd6+ Kg7 23. Bd4+ Kh7 24. Bxh8 Rxh8 25. cxb7 Qb6 26. Qxb6 axb6 27.
Rd1 Rb8 28. Rd7 1-0

[Event "21st ch-EUR Indiv w 2021"]
[Site "Iasi ROU"]
[Date "2021.08.12"]
[Round "4.24"]
[White "Toncheva, Nadya"]
[Black "Kiolbasa, Oliwia"]
[Result "0-1"]
[WhiteTitle "FM"]
[BlackTitle "WIM"]
[WhiteElo "2156"]
[BlackElo "2288"]
[WhiteFideId "2924056"]
[BlackFideId "1154613"]
[EventDate "2021.08.09"]

1. e4 c5 2. Nf3 d6 3. c3 Nf6 4. Bd3 Bg4 5. h3 Bh5 6. O-O Nc6 7. Bc2 e6 8. d3 Be7
9. Be3 d5 10. exd5 Nxd5 11. d4 Rc8 12. Nbd2 cxd4 13. cxd4 f5 14. Nb3 O-O 15. a3
Bd6 16. Nc5 Bb8 17. Nd3 Bxf3 18. Qxf3 f4 19. Qe4 fxe3 20. Nc5 Nf6 21. Qxe6+ Kh8
22. fxe3 Nxd4 0-1

[Event "21st ch-EUR Indiv w 2021"]
[Site "Iasi ROU"]
[Date "2021.08.12"]
[Round "4.25"]
[White "Beydullayeva, Govhar"]
[Black "Zeliantsova, Kseniya"]
[Result "1-0"]
[WhiteTitle "WIM"]
[BlackTitle "WFM"]
[WhiteElo "2282"]
[BlackElo "1970"]
[WhiteFideId "13413015"]
[BlackFideId "13512617"]
[EventDate "2021.08.09"]

1. d4 Nf6 2. c4 g6 3. Nc3 d6 4. e4 Bg7 5. Nf3 O-O 6. Be2 c5 7. O-O cxd4 8. Nxd4
Nc6 9. Be3 Bd7 10. Nc2 Rc8 11. Rc1 Ne5 12. b3 b5 13. Nxb5 Bxb5 14. cxb5 Nxe4 15.
Nd4 Qd7 16. f4 Rxc1 17. Qxc1 Ng4 18. Bxg4 Qxg4 19. Nc6 Qd7 20. Qc4 Nc3 21. Rc1
a6 22. a4 axb5 23. axb5 d5 24. Qd3 Ne4 25. Qxd5 Nd6 26. Bc5 Bf6 27. b6 Re8 28.
Ne5 Qb5 29. Qc6 Qxc6 30. Nxc6 Nb7 31. b4 Rc8 32. Ne5 e6 33. Ra1 Kg7 34. Ra7 Bxe5
35. fxe5 Rb8 36. Kf2 g5 37. Ke3 Kg6 38. Kd4 Kf5 39. Bd6 Nxd6 40. exd6 Rxb6 41.
Kc5 Rb8 42. d7 Kf6 43. Rc7 Rd8 44. Kd6 1-0

[Event "21st ch-EUR Indiv w 2021"]
[Site "Iasi ROU"]
[Date "2021.08.12"]
[Round "4.26"]
[White "Makropoulou, Marina"]
[Black "Hoang, Thanh Trang"]
[Result "0-1"]
[WhiteTitle "WGM"]
[BlackTitle "GM"]
[WhiteElo "2186"]
[BlackElo "2404"]
[WhiteFideId "4200187"]
[BlackFideId "12400149"]
[EventDate "2021.08.09"]

1. e4 e6 2. d4 d5 3. Nc3 Nf6 4. e5 Nfd7 5. f4 c5 6. Nf3 Nc6 7. Be3 a6 8. Qd2 b5
9. Be2 Be7 10. O-O O-O 11. Nd1 b4 12. c3 a5 13. Bf2 f6 14. Ne3 fxe5 15. fxe5 Ba6
16. Bxa6 Rxa6 17. Ng4 Qe8 18. Be3 Qg6 19. h3 c4 20. Nfh2 bxc3 21. bxc3 Rb6 22.
Rxf8+ Bxf8 23. Rf1 Ba3 24. Qd1 Be7 25. Bc1 Rb1 26. Qa4 Ndb8 27. Ba3 h5 28. Nf2
Bh4 29. Nd1 Qd3 30. Bd6 Bg3 31. Nf3 Nd7 32. Qxc6 Rxd1 33. Qc8+ Kh7 34. Ng5+ Kg6
35. Qe8+ Kxg5 36. Be7+ Nf6 37. Bxf6+ gxf6 38. Qg8+ Kh4 0-1

[Event "21st ch-EUR Indiv w 2021"]
[Site "Iasi ROU"]
[Date "2021.08.12"]
[Round "4.27"]
[White "Mkrtchian, Lilit"]
[Black "Katkov, Michelle"]
[Result "1-0"]
[WhiteTitle "IM"]
[BlackTitle "WFM"]
[WhiteElo "2388"]
[BlackElo "2173"]
[WhiteFideId "13300601"]
[BlackFideId "2816393"]
[EventDate "2021.08.09"]

1. c4 Nf6 2. Nf3 e6 3. e3 d5 4. Nc3 Bd6 5. b3 c5 6. Bb2 Nc6 7. cxd5 exd5 8. d4
O-O 9. Be2 Bf5 10. O-O Re8 11. Nb5 cxd4 12. Nxd6 Qxd6 13. Nxd4 Nxd4 14. Qxd4 Re4
15. Qd2 Ng4 16. g3 Rae8 17. Rad1 Qb6 18. Qxd5 Bc8 19. Rd4 R4e5 20. Qd6 Qxd6 21.
Rxd6 Rc5 22. Rc1 Rxc1+ 23. Bxc1 Bf5 24. Bb2 h6 25. Bc4 Be4 26. Rd7 Rf8 27. Rc7
a6 28. a4 h5 29. Bd4 Nh6 30. Kf1 Ng4 31. h3 Nh2+ 32. Ke2 Nf3 33. Bc5 Rd8 34.
Bxf7+ Kh8 35. Bd4 Nxd4+ 36. exd4 Rxd4 37. Ke3 Rb4 38. Rc4 Rxc4 39. Bxc4 Bc6 40.
a5 g5 41. Be2 Bd7 42. h4 gxh4 43. gxh4 Kg7 44. Bxh5 Kf6 45. Bf3 1-0

[Event "21st ch-EUR Indiv w 2021"]
[Site "Iasi ROU"]
[Date "2021.08.12"]
[Round "4.28"]
[White "Grigorieva, Yulia"]
[Black "Kulon, Klaudia"]
[Result "1/2-1/2"]
[WhiteTitle "WFM"]
[BlackTitle "IM"]
[WhiteElo "2140"]
[BlackElo "2363"]
[WhiteFideId "34104868"]
[BlackFideId "1131044"]
[EventDate "2021.08.09"]

1. d4 f5 2. g3 Nf6 3. Bg2 g6 4. Nd2 Bg7 5. e4 fxe4 6. Nxe4 Nxe4 7. Bxe4 d5 8.
Bg2 Nc6 9. c3 e5 10. dxe5 Nxe5 11. Nf3 Bg4 12. h3 Bxf3 13. Bxf3 Nxf3+ 14. Qxf3
Rf8 15. Qe2+ Qe7 16. Be3 O-O-O 17. O-O-O Rf5 18. Rhe1 Re5 19. Qd2 Qf7 20. Bd4
Rxe1 21. Rxe1 Bxd4 22. Qxd4 b6 23. b4 Re8 24. Rxe8+ Qxe8 25. Kd2 Qd7 26. g4 c6
27. Qe5 Qc7 28. Qe8+ Kb7 29. Qf8 Qh2 30. Qe7+ Ka6 31. Qe2+ Kb7 32. Qe7+ Ka6 33.
Qe3 Qd6 34. f4 c5 35. bxc5 bxc5 36. f5 gxf5 37. gxf5 Kb6 38. Kd3 Kc7 39. Qg5 Qe5
40. Qh5 Qg7 41. Qf3 Kd6 42. Qf4+ Kc6 43. Qa4+ Kb6 44. Qb3+ Kc6 45. Qa4+ Kb6 46.
Qb3+ Kc6 47. Qa4+ 1/2-1/2

[Event "21st ch-EUR Indiv w 2021"]
[Site "Iasi ROU"]
[Date "2021.08.12"]
[Round "4.29"]
[White "Belenkaya, Dina"]
[Black "Hapala, Elisabeth"]
[Result "1-0"]
[WhiteTitle "WGM"]
[BlackTitle "WFM"]
[WhiteElo "2350"]
[BlackElo "2160"]
[WhiteFideId "24142654"]
[BlackFideId "1622080"]
[EventDate "2021.08.09"]

1. e4 c5 2. Nc3 e6 3. Nge2 Nc6 4. g3 a6 5. Bg2 b5 6. d4 cxd4 7. Nxd4 Bb7 8. O-O
Nxd4 9. Qxd4 Ne7 10. Bf4 Nc6 11. Qd2 d6 12. Rfd1 Ne5 13. a4 b4 14. Ne2 a5 15.
Nd4 Nc4 16. Qe2 Nxb2 17. Rdb1 e5 18. Rxb2 exd4 19. e5 d5 20. e6 Bc6 21. exf7+
Kxf7 22. Bh3 Qe7 23. Be5 h5 24. Re1 h4 25. Qd2 Re8 26. Rbb1 Qd8 27. Qf4+ Kg8 28.
Bf5 Rh6 29. g4 Be7 30. Qxd4 Bf6 31. f4 Bxe5 32. fxe5 Bxa4 33. e6 Bc6 34. Re5 Rf6
35. g5 Rxf5 36. Rxf5 Rxe6 37. Rbf1 Re4 38. Rf8+ Qxf8 39. Rxf8+ Kxf8 40. Qc5+ Kg8
41. Qxc6 Rg4+ 42. Kf1 Rxg5 43. Qa8+ Kh7 44. Qxa5 Rf5+ 45. Ke1 Re5+ 46. Kf2 Rf5+
47. Ke1 Re5+ 48. Kd1 Rg5 49. Qxb4 Rg1+ 50. Kd2 Rg2+ 51. Kd3 Rxh2 52. Qf4 Rh1 53.
Qf3 Rg1 54. Qh5+ Kg8 55. Qxd5+ Kh7 56. Qh5+ Kg8 57. Qxh4 1-0

[Event "21st ch-EUR Indiv w 2021"]
[Site "Iasi ROU"]
[Date "2021.08.12"]
[Round "4.30"]
[White "Kazarian, Anna-Maja"]
[Black "Charochkina, Daria"]
[Result "1/2-1/2"]
[WhiteTitle "FM"]
[BlackTitle "IM"]
[WhiteElo "2096"]
[BlackElo "2340"]
[WhiteFideId "1033689"]
[BlackFideId "4180917"]
[EventDate "2021.08.09"]

1. e4 d6 2. d4 Nf6 3. Nc3 g6 4. Nf3 Bg7 5. Be2 O-O 6. O-O a6 7. a4 Nc6 8. h3 e6
9. Be3 b6 10. Qd2 Re8 11. Bg5 Bb7 12. Rad1 Qd7 13. Nh2 h5 14. Bh6 Bh8 15. f4
Nxd4 16. Qxd4 Ng4 17. hxg4 Bxd4+ 18. Rxd4 Kh7 19. Bg5 Kg7 20. e5 Rg8 21. Rfd1 d5
22. gxh5 gxh5 23. Bxh5 c5 24. R4d3 d4 25. Rg3 Kf8 26. Ng4 Qc6 27. Ne2 Qxa4 28.
b3 Qa2 29. Nf6 Rh8 30. Rd2 Qb1+ 31. Kf2 Bc6 32. f5 Qh1 33. Nf4 exf5 34. e6 fxe6
35. Nxe6+ Ke7 36. Nf4 Kd6 37. Re2 Be4 38. Rh3 Qb1 39. Ng6 Rhd8 40. Nxe4+ fxe4
41. Be7+ Kc7 42. Bxd8+ Rxd8 43. Bg4 e3+ 44. Kg3 Qf1 45. Rh7+ Kd6 46. Rb7 Kc6 47.
Rf7 Qh1 48. Ne5+ Kb5 49. Kf3 Rg8 50. c4+ Kb4 51. Re1 Qh4 52. Rf4 Qf2+ 53. Ke4
Qxg2+ 54. Bf3 Qa2 55. Nd3+ Ka3 56. Rf6 Re8+ 57. Kd5 Rb8 58. Be2 Rd8+ 59. Kc6 Qd2
60. Ra1+ Kxb3 61. Rxa6 b5 62. Nxc5+ Kb2 63. Nd3+ Kb3 64. cxb5 Rc8+ 65. Kd7 Rc3
66. b6 Qxe2 67. b7 Qg4+ 68. Kd6 Rc8 69. Nc5+ Kc4 70. bxc8=Q Qxc8 71. Rc6 Qd8+
72. Nd7+ Kd3 73. Rf8 Qh4 74. Ne5+ Ke2 75. Rc2+ Kd1 76. Rfc8 Qh6+ 77. Kd5 e2 78.
Nd3 Qg5+ 79. Kxd4 Qg7+ 80. Kd5 Qd7+ 81. Ke4 Qh7+ 82. Kd4 Qd7+ 83. Ke4 Qh7+ 84.
Kd4 1/2-1/2

[Event "21st ch-EUR Indiv w 2021"]
[Site "Iasi ROU"]
[Date "2021.08.12"]
[Round "4.31"]
[White "Mamedjarova, Turkan"]
[Black "Cosman, Andreea-Marioara"]
[Result "1/2-1/2"]
[WhiteTitle "WGM"]
[BlackTitle "WFM"]
[WhiteElo "2309"]
[BlackElo "2143"]
[WhiteFideId "13402005"]
[BlackFideId "1217968"]
[EventDate "2021.08.09"]

1. d4 Nf6 2. c4 c5 3. d5 e6 4. Nc3 exd5 5. cxd5 d6 6. e4 g6 7. Nf3 Bg7 8. h3 O-O
9. Bd3 Nh5 10. O-O Nd7 11. Bg5 Bf6 12. Be3 a6 13. a4 Ne5 14. Be2 Nxf3+ 15. Bxf3
Ng7 16. Qd2 Bd7 17. Bf4 Qe7 18. e5 dxe5 19. d6 Qd8 20. Be3 Nf5 21. Bxb7 Rb8 22.
Bd5 Nd4 23. Bh6 Re8 24. f4 Be6 25. Rae1 Qxd6 26. Ne4 Qd8 27. Nxf6+ Qxf6 28. Bxe6
Nxe6 29. fxe5 Qh4 30. Rf2 g5 31. Rf6 Red8 32. Qc1 Rxb2 33. Qxb2 Qxe1+ 34. Kh2 c4
35. Rf3 Rd2 36. Qb8+ Rd8 37. Qb2 Rd2 38. Qb8+ Rd8 39. Qb2 Rd2 1/2-1/2

[Event "21st ch-EUR Indiv w 2021"]
[Site "Iasi ROU"]
[Date "2021.08.12"]
[Round "4.32"]
[White "Sliwicka, Alicja"]
[Black "Novosadova, Kristyna"]
[Result "1-0"]
[WhiteTitle "WIM"]
[BlackTitle "WIM"]
[WhiteElo "2306"]
[BlackElo "2138"]
[WhiteFideId "1150677"]
[BlackFideId "328065"]
[EventDate "2021.08.09"]

1. e4 e5 2. Nf3 Nf6 3. d4 exd4 4. e5 Ne4 5. Qxd4 d5 6. exd6 Nxd6 7. Bd3 Nc6 8.
Qf4 Be7 9. Nc3 Be6 10. Be3 h6 11. h4 Bf6 12. Nd4 Nxd4 13. Bxd4 Bxd4 14. Qxd4 Nf5
15. Qe4 Qe7 16. O-O-O Nd6 17. Qe5 Qf6 18. Qxf6 gxf6 19. Ne2 O-O-O 20. Nf4 Bd7
21. Nd5 f5 22. Rhe1 Rde8 23. f3 Kd8 24. b3 Re6 25. Nf4 Rxe1 26. Rxe1 Re8 27.
Rxe8+ Nxe8 28. Kd2 Ke7 29. Ke3 Kd6 30. c3 Ke5 31. Nh5 Nf6 32. f4+ Ke6 33. Ng7+
Kd6 34. c4 Kc5 35. Nxf5 Bxf5 36. Bxf5 Kb4 37. g4 Ka3 38. g5 hxg5 39. fxg5 Ne8
40. h5 f6 41. h6 1-0

[Event "21st ch-EUR Indiv w 2021"]
[Site "Iasi ROU"]
[Date "2021.08.12"]
[Round "4.34"]
[White "Schloffer, Jasmin-Denise"]
[Black "Abdulla, Khayala"]
[Result "0-1"]
[WhiteTitle "WFM"]
[BlackTitle "WGM"]
[WhiteElo "2070"]
[BlackElo "2264"]
[WhiteFideId "1631209"]
[BlackFideId "13401807"]
[EventDate "2021.08.09"]

1. d4 Nf6 2. c4 e6 3. Nc3 Bb4 4. e3 O-O 5. Ne2 d5 6. a3 Be7 7. cxd5 exd5 8. Nf4
c6 9. Bd3 Na6 10. O-O Nc7 11. f3 Ne6 12. Nfe2 b6 13. Qe1 c5 14. Qf2 Bb7 15. Kh1
g6 16. Bd2 Nh5 17. g4 Nhg7 18. Ng3 Bd6 19. Nce2 Kh8 20. f4 Qh4 21. g5 cxd4 22.
Nxd4 Nxd4 23. exd4 f6 24. gxf6 Rxf6 25. Ne2 Qh3 26. Qg3 Qd7 27. Rf2 Raf8 28.
Raf1 Qc7 29. Bb4 Nf5 30. Bxf5 Rxf5 31. Bxd6 Qxd6 32. Qd3 Bc8 33. Kg1 R5f7 34.
Nc3 Rxf4 35. Qe3 Rxf2 36. Rxf2 Rxf2 37. Qxf2 Bf5 38. Qf3 Be6 39. Qf6+ Kg8 40.
Nb5 Qc6 41. Nc3 Qd7 42. Qe5 Bf7 43. Qb8+ Kg7 44. Qe5+ Kh6 45. Qf4+ Kg7 46. Qe5+
Kf8 47. Qh8+ Bg8 48. Qf6+ Ke8 49. Qe5+ Qe7 50. Qg3 Kf8 51. Qf3+ Kg7 52. Qg3 Bf7
53. Kg2 h6 54. Kf3 Qf6+ 55. Ke3 g5 56. Nb5 Qf1 57. Nxa7 Qc1+ 58. Kd3 Bg6+ 59.
Ke2 Qxb2+ 60. Ke1 Qa1+ 61. Ke2 Bh5+ 62. Kd2 Qb2+ 63. Ke1 Qe2# 0-1

[Event "21st ch-EUR Indiv w 2021"]
[Site "Iasi ROU"]
[Date "2021.08.12"]
[Round "4.35"]
[White "Petrenko, Svetlana"]
[Black "Krasteva, Beloslava"]
[Result "1/2-1/2"]
[WhiteTitle "IM"]
[BlackTitle "FM"]
[WhiteElo "2018"]
[BlackElo "2243"]
[WhiteFideId "13900196"]
[BlackFideId "2922029"]
[EventDate "2021.08.09"]

1. d4 Nf6 2. c4 e6 3. Nf3 b6 4. g3 Ba6 5. Qa4 Bb7 6. Bg2 c5 7. e3 Be7 8. O-O O-O
9. Nc3 Qc8 10. Bd2 cxd4 11. exd4 d5 12. cxd5 Nxd5 13. Rac1 Qd8 14. Ne5 Nxc3 15.
bxc3 Bxg2 16. Kxg2 Bf6 17. Ng4 Nd7 18. f4 h5 19. Nf2 Be7 20. Be3 Nf6 21. c4 Qc7
22. Kg1 Qb7 23. Qd1 Rfd8 24. Qe2 Rac8 25. h3 g6 26. Rc2 Rd7 27. Nd3 Kg7 28. Qg2
Qxg2+ 29. Kxg2 Rdc7 30. c5 Nd5 31. Bf2 Nf6 32. Kf3 Nd7 33. Rfc1 f5 34. Re2 bxc5
35. Rxe6 Kf7 36. Rce1 Nf8 37. Ra6 cxd4 38. Bxd4 Nd7 39. Re2 Bf6 40. Bxf6 Nxf6
41. Ree6 Ne4 42. Ne5+ Kf8 43. Rec6 1/2-1/2

[Event "21st ch-EUR Indiv w 2021"]
[Site "Iasi ROU"]
[Date "2021.08.12"]
[Round "4.36"]
[White "Gaboyan, Susanna"]
[Black "Koubova, Anna Marie"]
[Result "1-0"]
[WhiteTitle "WIM"]
[WhiteElo "2215"]
[BlackElo "2073"]
[WhiteFideId "13303627"]
[BlackFideId "381470"]
[EventDate "2021.08.09"]

1. e4 e6 2. d4 d5 3. Bd3 dxe4 4. Bxe4 Nf6 5. Bf3 c5 6. Ne2 Be7 7. O-O O-O 8.
Nbc3 cxd4 9. Nxd4 e5 10. Nb3 Nc6 11. Qe2 Nd4 12. Nxd4 exd4 13. Rd1 Bf5 14. Be3
Bc5 15. Na4 Qe7 16. Nxc5 dxe3 17. Qxe3 Qxe3 18. fxe3 Rac8 19. Nxb7 Rxc2 20. Nd6
Be6 21. b3 g5 22. h3 h5 23. Rd4 g4 24. hxg4 Nxg4 25. Bxg4 hxg4 26. b4 Re2 27. e4
Rxa2 28. Rxa2 Bxa2 29. Kf2 Be6 30. Kg3 Kg7 31. Kf4 Ra8 32. b5 Kf6 33. Ra4 Ke7
34. e5 Bd5 35. g3 Ke6 36. Ra6 Bf3 37. Ne4+ Kd5 38. Nd6 Kc5 39. Kf5 Kb4 40. Ra1
a5 41. bxa6 Ra7 42. Kf6 Bd5 43. Nc8 Rc7 44. Ne7 1-0

[Event "21st ch-EUR Indiv w 2021"]
[Site "Iasi ROU"]
[Date "2021.08.12"]
[Round "4.37"]
[White "Narva, Triin"]
[Black "Peycheva, Gergana"]
[Result "0-1"]
[WhiteTitle "WFM"]
[BlackTitle "FM"]
[WhiteElo "2100"]
[BlackElo "2332"]
[WhiteFideId "4502680"]
[BlackFideId "2916711"]
[EventDate "2021.08.09"]

1. e4 c5 2. Nf3 Nf6 3. e5 Nd5 4. d4 cxd4 5. Qxd4 e6 6. c4 Nb4 7. Qe4 d5 8. exd6
Bxd6 9. Nc3 a6 10. a3 f5 11. Qe2 N4c6 12. Bg5 Be7 13. Rd1 Bd7 14. Bxe7 Qxe7 15.
Qe3 O-O 16. Be2 h6 17. h4 Be8 18. Qb6 Na7 19. c5 Nbc6 20. Nd4 Nxd4 21. Rxd4 Bc6
22. f3 Qf6 23. Rd2 Qe5 24. Qb4 Qg3+ 25. Kf1 e5 26. Rh3 Qg6 27. Rd6 Rf6 28. Rxf6
Qxf6 29. Qc4+ Kh8 30. Nd5 Qf8 31. a4 Rd8 32. Ne3 Bd7 33. h5 Nc6 34. Rh4 Nd4 35.
Bd3 Be6 36. Qc3 Qf6 37. Rh1 e4 38. Be2 f4 39. Nc2 Nf5 40. Qxf6 gxf6 41. Ke1 e3
42. c6 bxc6 43. Nb4 Ng3 44. Rh4 Nxe2 45. Kxe2 Bc4+ 46. Ke1 e2 0-1

[Event "21st ch-EUR Indiv w 2021"]
[Site "Iasi ROU"]
[Date "2021.08.12"]
[Round "4.38"]
[White "Mkrtchyan, Mariam"]
[Black "Calzetta Ruiz, Monica"]
[Result "0-1"]
[WhiteTitle "WFM"]
[BlackTitle "WGM"]
[WhiteElo "2093"]
[BlackElo "2306"]
[WhiteFideId "13310828"]
[BlackFideId "2204185"]
[EventDate "2021.08.09"]

1. Nf3 c5 2. c4 Nc6 3. Nc3 Nf6 4. d4 cxd4 5. Nxd4 g6 6. g3 d6 7. Bg2 Bd7 8. O-O
Bg7 9. Nc2 O-O 10. b3 Qc8 11. Bb2 Bh3 12. f3 Bxg2 13. Kxg2 Rd8 14. e4 e6 15. Ne3
a6 16. Rf2 b6 17. Rd2 Ra7 18. Qe2 Rad7 19. Rad1 Qb7 20. a3 Ne5 21. Nc2 h5 22.
Na4 Bh6 23. Rd4 Nc6 24. R4d3 Bg7 25. Qe3 Ne5 26. R3d2 b5 27. Nb6 Neg4 28. fxg4
Nxg4 29. Qg1 Qxe4+ 30. Kf1 Bxb2 31. Nxd7 Rxd7 32. Qg2 Qf5+ 33. Kg1 bxc4 34. bxc4
Qc5+ 35. Kh1 Bc3 36. Re2 Qxc4 37. h3 Nf6 38. Kh2 d5 39. Ne3 Qc7 40. Qf3 Be5 41.
Kg2 Ne4 42. g4 Ng5 43. Qf2 d4 44. Nc4 Qc6+ 45. Kf1 Qxc4 0-1

[Event "21st ch-EUR Indiv w 2021"]
[Site "Iasi ROU"]
[Date "2021.08.12"]
[Round "4.39"]
[White "Tarasenka, Aliaksandra"]
[Black "Agrest, Inna"]
[Result "1-0"]
[WhiteTitle "WFM"]
[BlackTitle "WIM"]
[WhiteElo "2061"]
[BlackElo "2281"]
[WhiteFideId "13514288"]
[BlackFideId "1708830"]
[EventDate "2021.08.09"]

1. d4 Nf6 2. c4 g6 3. Nc3 Bg7 4. e4 d6 5. Be2 O-O 6. Be3 Nc6 7. d5 Ne5 8. f4
Ned7 9. Nh3 c6 10. O-O cxd5 11. cxd5 b6 12. Rc1 Bb7 13. b4 Rc8 14. Bd4 e5 15.
dxe6 fxe6 16. Ng5 Qe7 17. Qb3 d5 18. e5 Ne8 19. Bg4 Nc7 20. Nxe6 Nxe6 21. Nxd5
Bxd5 22. Qxd5 Rce8 23. Rc6 Rf5 24. Bxf5 gxf5 25. Rc7 Rd8 26. Rxa7 Kh8 27. Bxb6
Nxb6 28. Rxe7 Nxd5 29. Rxe6 Nxb4 30. Rd6 Ra8 31. Rfd1 Rg8 32. a4 Bf8 33. Rd7 Nc2
34. Rc1 Ne3 35. g3 Bb4 36. Rcc7 Ra8 37. Rxh7+ Kg8 38. Rcg7+ Kf8 39. Rh8+ Kxg7
40. Rxa8 Bc5 41. a5 Kf7 42. a6 Nd5+ 43. Kh1 Nc7 44. Rc8 Nxa6 45. Rc6 1-0